| 000 | 00617nam a22001937a 4500 | ||
|---|---|---|---|
| 008 | 161001b xxu||||| |||| 00| 0 eng d | ||
| 020 | _a1893005184 | ||
| 050 |
_aRC 82 _b.H34 2001 |
||
| 100 | _aHagen, Philip T. | ||
| 245 |
_aMayo Clinic guide to self-care : _b answers for everyday health problems/ _cPhilip T. Hagen. |
||
| 250 | _a3rd ed. | ||
| 260 |
_aRochester : _b Mayo Clinic, _c2001. |
||
| 300 |
_a307p. : _bill. ; _c26cm. |
||
| 500 | _aInclude index. | ||
| 650 | _aSelf-care, Health. | ||
| 650 | _aSelf-Care. | ||
| 650 | _aHealth Education. | ||
| 942 |
_2lcc _cBOOKS _hRC 82 .H34 2001 |
||
| 999 |
_c14439 _d14439 |
||